| 000 | 00429nam a2200169Ia 4500 | ||
|---|---|---|---|
| 003 | GCL | ||
| 008 | 140319s9999 xx 000 0 eng d | ||
| 040 |
_aGCL / _cGCL |
||
| 082 | 0 | 4 |
_a006.6 _bP C |
| 100 | 1 | _aPADWICK,GORDON | |
| 245 | 1 | 0 |
_aCOREL DRAW 4 INSTANT REFERENCE / _cPADWICK,GORDON |
| 260 |
_a[S.N] : _bSYBEX ، _c1993 |
||
| 300 | _a471 PP | ||
| 650 | 0 | 4 | _aCOMPUTER SOFTWARE |
| 650 | 0 | 4 | _aCORELDRAW 3 |
| 942 |
_2ddc _cBK |
||
| 999 |
_c13809 _d13809 |
||